| 000 | 00503nam a2200169Ia 4500 | ||
|---|---|---|---|
| 008 | 230718s9999 xx 000 0 und d | ||
| 020 | _a9780262027878 | ||
| 041 | _aeng | ||
| 082 |
_a025.04 _bPEL |
||
| 100 |
_aPeled A. _9198104 |
||
| 245 |
_aTraversing Digital Babel _bInformation, E-Government, And Exchange |
||
| 260 |
_c2014 _bMIT Press |
||
| 300 |
_a279 _dRef 1569 C (51807) |
||
| 365 |
_cRs. _b2013.00 |
||
| 700 |
_aPeled A. _9198104 |
||
| 906 |
_dO:0474817-Oct-2015B:206128-Aug-2015 _cCOMP _b503.25 |
||
| 999 |
_c340600 _d340600 |
||